| 000 | 00776nam a2200205 i 4500 | ||
|---|---|---|---|
| 001 | 164150 | ||
| 003 | ES-MaACL | ||
| 005 | 20240228150953.0 | ||
| 008 | 981125s1876 sp |||| | spa d | ||
| 040 |
_aCCPB | B _bspa _cCCPB | B |
||
| 100 | 1 |
_aRuiz Dana, Pedro. _9132172 |
|
| 245 | 1 | 0 |
_aEstudios sobre la guerra civil en el norte, de 1872 a 1876 / _cpor Pedro Ruiz Dana. |
| 260 |
_aMadrid : _b[s.n.], _c1876 ( _fImprenta a cargo de J.J. de las Heras) |
||
| 300 |
_a320 p. ; _c23 cm. |
||
| 530 | _aDisponible en formato digital. | ||
| 651 | 0 |
_aEspaña- _xHistoria- _y1872-1876, Guerra carlista _9179965 |
|
| 852 |
_aES-MaACL _jG-5362 _z-- Rúst. |
||
| 856 |
_uhttp://bdh-rd.bne.es/viewer.vm?id=0000239927&page=1 _zBiblioteca Digital Hispánica |
||
| 999 |
_c164150 _d164150 |
||